Представление документа в формате MARC21

Поле Инд. ПП Название Значение
Тип записи a
Библиографический уровень a
001 Контрольный номер 6a37d498430044cbbd56d4db01c5413b
005 Дата корректировки 20160627100731.4
020 a ISBN 5-98769-011-0
040 a Служба первич. каталог. НБ ТвГУ
b Код языка каталог. rus
e Правила каталог. PSBO
041 0_ a Код языка текста rus
097 b Оператор novikova
100 1_ a Автор Старикова Екатерина Николаевна
q Полное имя Старикова Е. Н.
245 10 a Заглавие Социальное неравенство в контексте сконструированной справедливости
260 a Место издания Великий Новгород
b Издательство Новгородский гос. ун-т
440 _0 a Серия Межрегиональные исследования в общественных науках : МИОН
504 a Библиография Библиогр. в подстроч. примеч.
520 0_ a Аннотация Неоднородность общества, легко констатируемая в повседневной жизни, имеет достаточно много объясняющих ее теорий, которые часто являются взаимоисключающими. Социальная справедливость делает возможным объяснение корреляции социального неравенства и справедливости.
653 0_ a Ключевые слова Социальное неравенство
a Ключевые слова Справедливость
a Ключевые слова Неоднородность общества
a Ключевые слова Неравенство
a Ключевые слова Иерархическое строение общества
a Ключевые слова Социальная справедливость
773 18 w Контрольный № источника d66df659-fb7f-11da-b02a-008048b56a28
t Название источника Справедливость и ненасилие: российский контекст
d Место и дата издания Великий Новгород : Новгородский гос. ун-т : Новгородский межрегиональный ин-т общественных наук, 2005
g Прочая информация Вып. 2. - С. 100-108
901 t Тип документа a
920 a Оператор Нови